000 00554nam a2200205Ia 4500
003 GCL
008 140319s9999 xx 000 0 eng d
040 _aGCL /
_cGCL
082 0 4 _a327.112
_bC W
100 1 _aCHOMSKY,NOAM
245 1 0 _aWONLD QRDERS QLD AND NEW /
_cCHOMSKY,NOAM
260 _a[S.N] :
_bTHE AMERICAN UNIVERSITY IN CAIRO PRESS ،
_c1994
300 _a311 P
650 0 4 _aECONOMICS
650 0 4 _aINTERNATIONAL RELATIONS
650 0 4 _aWORLD QRDERS
650 0 4 _aUNITED STATES - EGYPT
650 0 4 _aPOLICY SCIENCES
942 _2ddc
_cBK
999 _c12461
_d12461